| 000 | 00998nam a22002417a 4500 | ||
|---|---|---|---|
| 005 | 20260409234313.0 | ||
| 008 | 260407b |||||||| |||| 00| 0 eng d | ||
| 020 | _a0071378820 (hardbound) | ||
| 040 |
_aCvSU-CCAT Campus Library. _cCvSU-CCAT Campus Library. _erda. |
||
| 041 | _aEnglish. | ||
| 050 |
_aCIR TK 7870 _bE44 2002 |
||
| 100 |
_aHarper, Charles A., author. _920364 |
||
| 245 |
_aElectronic assembly fabrication : _bchips, circuit boards, packages, and components / _cCharles A. Harper |
||
| 250 | _aFirst edition | ||
| 260 |
_aNew York : _bMcGraw-Hill/A Division of the MacGraw-Hill Companies, _cc2002. |
||
| 300 |
_axv, 671 pages : _billustrations ; _c23 cm |
||
| 504 | _aIncludes bibliographical references and index. | ||
| 541 | _e7732 | ||
| 546 | _aIn English text. | ||
| 650 | _2Electronic apparatus and appliances -- Design and construction | ||
| 700 |
_aHarper, Charles A., editor-in-chief. _920331 |
||
| 942 |
_2lcc _cBK _hTK 7870 E44 2002 _kCIR |
||
| 999 |
_c5148 _d5148 |
||